000 00506cas a2200157 4500
008 150825n eng u
022 _a0097-8507
035 _a(Sirsi) a191778
050 _aPB1.L3.
245 _aLANGUAGE.
260 _aLos Angeles
_b Linguistic society of America
_c 2001.
310 _aQuarterly.
362 _aVol.48, No.1, 1972 - Vol.77, No.2, 2001.
520 _aIt deals with problems of linguistic science and notes of interest to professional linguistics.
650 _aLanguage.
999 _c9779
_d9779